Ritinha a ratinha vai à pesca (Registo nº 2017)

Detalhes MARC
000 -Etiqueta do registo
Cabeçalho 00946nam a22003251 4500
005 - Identificador da versão
Campo de controlo 20240813121922.0
010 ## - Número internacional normalizado dos livros (ISBN)
Número (ISBN) 9724124517
021 ## - Número do Depósito Legal
Código do país PT
Número 159280/00
100 ## - Dados gerais de processamento
Dados gerais de processamento 20030930d2001 bc y0pory5003 ba
102 ## - Pais de publicação ou produção
País de publicação Portugal
101 1# - Língua de publicação
Língua do texto, banda sonora, etc. Português
Língua do documento no original Francês
106 ## - Campo de dados codificados: material textual
Dados codificados do material textual r
105 ## - Campo de dados codificados: livros
Dados codificados dos livros a z 000fy
215 ## - Descrição física 
Indicação específica da natureza do documento e extensão da espécie [16] p.
Outras indicações físicas muito il.
Dimensões 24 cm
200 1# - Titulo e menção de responsabilidade
Título próprio Ritinha a ratinha vai à pesca
Primeira menção de responsabilidade texto de François Gilson
Outras menções de responsabilidade il. Peral
-- trad. e adapt. Alice Telles
225 2# - Colecção 
Título próprio da colecção Palavras e imagens
Indicação de volume 2
205 ## - Menção da edição
Menção da edição 1ª ed.
210 ## - Publicação, Distribuição, etc. 
Lugar da edição, distribuição, etc. Porto
Nome do editor, distribuidor, etc. Asa
Data da publicação, distribuição, etc. 2001
304 ## - Notas relativas a título e menção de responsabilidade 
Texto da nota Tít. orig.: Sourimousse va à la pêche
606 ## - Nome comum usado como assunto
Número de registo de entrada de autoridade 0000001
Palavra de ordem Literatura estrangeira infantil
Subdivisão de assunto Conto
675 ## - Classificação Decimal Universal (CDU)
Notação 82-34
Edição
Língua da edição por
702 #1 - Nome de autor-pessoa física (responsabilidade secundária)
Número de registo de entrada de autoridade 0000713
Palavra de ordem Telles
Outra parte do nome não tomada para palavra de ordem Alice
Código de função Tradutor
701 #1 - Nome de autor-pessoa física (co-responsabilidade principal)
Palavra de ordem Peral
Código de função Ilustrador / Técnico de desenho computorizado
700 #1 - Nome de autor-pessoa física (responsabilidade principal)
Número de registo de entrada de autoridade 0000711
Palavra de ordem Gilson
Outra parte do nome não tomada para palavra de ordem François
942 ## - Elementos de entrada adicionados (Koha)
Tipo de item no Koha Livro
Exemplares
Situação do levantamento Origin of item (home branch) (coded) Biblioteca de empréstimo Código de barras Cota Circulation type (not for loan) Tipo de documento Nota do exemplar Damaged status
  Biblioteca Escolar da Coca Maravilhas Biblioteca Escolar da Coca Maravilhas BECM6190/03 8EST GIL   Livro Sem mensagem